About prints (Record no. 2493)

MARC details
000 -CABECERA
campo de control de longitud fija 00601nam a2200217 a 4500
001 - NÚMERO DE CONTROL
campo de control BRCA_2753
005 - FECHA Y HORA DE LA ÚLTIMA TRANSACCIÓN
campo de control 20190320203944.0
008 - DATOS DE LONGITUD FIJA--INFORMACIÓN GENERAL
campo de control de longitud fija 051208s1962----enka---###---#000-0#eng-u
050 #4 - SIGNATURA TOPOGRÁFICA DE LA BIBLIOTECA DEL CONGRESO
Número de clasificación NE850
Número de documento/Ítem .H39 1962
100 1# - ENTRADA PRINCIPAL--NOMBRE DE PERSONA
Nombre de persona Hayter, Stanley William
9 (RLIN) 7753
245 10 - MENCIÓN DE TÍTULO
Título About prints
Mención de responsabilidad, etc. S. W. Hayter.
260 ## - PUBLICACIÓN, DISTRIBUCIÓN, ETC.
Lugar de publicación, distribución, etc. London
Nombre del editor, distribuidor, etc. Oxford University Press
Fecha de publicación, distribución, etc. 1962
300 ## - DESCRIPCIÓN FÍSICA
Extensión 176 p.
Otras características físicas il.
Dimensiones 25 cm.
500 ## - NOTA GENERAL
Nota general Incluye índice alfabético.
500 ## - NOTA GENERAL
Nota general AA74
504 ## - NOTA DE BIBLIOGRAFÍA, ETC.
Nota de bibliografía, etc. Bibliografía: p. 169-170
650 14 - PUNTO DE ACCESO ADICIONAL DE MATERIA--TÉRMINO DE MATERIA
Término de materia o nombre geográfico como elemento de entrada Grabado
Subdivisión general Historia
9 (RLIN) 1591
650 14 - PUNTO DE ACCESO ADICIONAL DE MATERIA--TÉRMINO DE MATERIA
Término de materia o nombre geográfico como elemento de entrada Grabado
Subdivisión general Técnica
9 (RLIN) 1661
902 ## - CATALOGADOR
Iniciales GFM
942 ## - ELEMENTOS DE PUNTO DE ACCESO ADICIONAL (KOHA)
Fuente del sistema de clasificación o colocación Library of Congress Classification
Tipo de ítem Koha Libros
Holdings
Estado de retiro Estado de pérdida Estado dañado No para préstamo Localización permanente Ubicación/localización actual Fecha de adquisición Número de inventario Total de préstamos Signatura topográfica completa Código de barras Fecha visto por última vez Precio válido a partir de Tipo de ítem Koha
El ejemplar forma parte de la colección y puede ser consultado según las políticas vigentes.       Biblioteca del Museo Franz Mayer (Rogerio Casas-Alatriste) Biblioteca del Museo Franz Mayer (Rogerio Casas-Alatriste) 05/12/2008 AA74   NE850 .H39 1962 (AA74) 2750 22/03/2019 22/03/2019 Libros